000 00998cam a22001934a 4500
005 20250605163932.0
008 250528s ||||||||||||||||||||||||d
035 _a14746
020 _a710809662
040 _aGR-AtMCL
_bgre
_dGR-AtMCL
_eAACR2
245 1 _aMargins of Philosophy
260 _bHarvester Wheatsheaf,
_c1982
300 _a338
520 _aA certain active and methodical disorientation that reaffirms the necessity for a rigorous and generative deconstruction. Translator's Notes, Tympan, Difference, Ousia and Gramme: Note on a Note From Being and Time, The Pit and the Pyramid: Introduction to Hegel's Semiology, The Ends of Man, The Linguistic Circle of Geneva, Form and Meaning: A Note on the Phenomenology of Language, The Supplement of Copula: Philosophy Before Linguistics, White Mythology: Metaphor is the Text of Philosophy, Qual Quelle: Valery's Sources, Signature Event Context.
700 1 _aDerrida Jacques
_9229
942 _cBK
999 _c366
_d366